| 000 | 00860nam a22002417a 4500 | ||
|---|---|---|---|
| 999 |
_c6440 _d6440 |
||
| 003 | AR-CdUCM | ||
| 008 | 190315b ||||| |||| 00| 0 spa d | ||
| 020 | _a978-1-4031-4664-9 | ||
| 040 |
_aMUNICIPALIDAD PROVINCIAL DEL CUSCO _cBIBLIOTECA MUNICIPAL DEL CUSCO |
||
| 041 | _heng | ||
| 082 |
_a080 / _bH85 |
||
| 100 |
_aHubbard, Ronal L. _918228 |
||
| 245 |
_aDianética 55 : _bEl manual completo de la comunicación humana / |
||
| 260 |
_aCalifornia : _bBridge publications, _c2007. |
||
| 300 |
_a343 paginas ; _bIlustraciones, _c24.5 cm. |
||
| 505 | _aLos fundamentos de la vida -- La unidad con consciencia de consciencia -- Énfasis en la capacidad -- El código del auditor ... | ||
| 650 |
_aconsciencia _918280 |
||
| 650 |
_aComunicación _94985 |
||
| 650 |
_aCapacidad _918281 |
||
| 650 |
_aDeterminismo _918282 |
||
| 942 |
_2ddc _cLIBROS |
||
| 945 | _aacv | ||